Statistics for Atletico Madrid Scorers in Liga 2019-20

Click here to take the quiz!

General Stats

  • This quiz has been taken 57 times
  • The average score is 9 of 12

Answer Stats

PlayerGoals% Correct
Koke4
100%
Saúl Ñíguez6
88%
Diego Costa5
83%
João Félix6
81%
Álvaro Morata12
79%
Thomas Partey3
77%
Marcos Llorente3
75%
Ángel Correa5
69%
Yannick Carrasco1
65%
Renan Lodi1
63%
Felipe1
46%
Vitolo3
38%

Score Distribution

Percentile by Number Answered

Percent of People with Each Score

Your Score History

You have not taken this quiz